| 000 | 00545nam a2200157Ia 4500 | ||
|---|---|---|---|
| 008 | 210716s9999 xx 000 0 und d | ||
| 020 | _a1578512778 | ||
| 041 | _aeng | ||
| 082 | _a331.4089 BELE | ||
| 100 | _aBell, Ella L J Edmondson;Nkomo, Stella M. | ||
| 245 |
_aOur separate ways: black and white women and the struggle for professional identity. _bBlack and white women and the struggle for professional identity. |
||
| 250 | _a1 | ||
| 260 |
_aBoston _bHarvard Business School Press |
||
| 300 | _axi,339 | ||
| 650 | _aIndustrial Relations | ||
| 999 |
_c198003 _d198003 |
||